000
002450000a22000970004500
100
1
_a
Whaites, Alan
245
1
0
_a
We know you're concerned... but when will you act?
300
_a
Num. 3 (2001), Páginas 22
773
0
_t
Global Future
942
_c
ANA
999
_c
53547
_d
53547